Cuestiones socio-políticas de actualidad de México bakalárska práca

Na minha lista:
Detalhes bibliográficos
Autor principal: Oboňová, Nikoleta
Autor Corporativo: Fakulta aplikovaných jazykov EU v Bratislave. Katedra románskych a slovanských jazykov
Outros Autores: Paľková, Jana
Formato: Livro
Idioma:espanhol
Publicado em: Bratislava 2017
Tags: Adicionar Tag
Sem tags, seja o primeiro a adicionar uma tag!

MARC

LEADER 00000nbm a2200000 4500
001 0233631
005 20180213095414.2
041 0 |a spa 
044 |a SK 
245 1 0 |a Cuestiones socio-políticas de actualidad de México  |b bakalárska práca  |c Nikoleta Oboňová ; školiteľ: Jana Paľková 
264 1 |a Bratislava  |c 2017 
300 |a 50 s. 
100 1 |a Oboňová, Nikoleta 
700 1 |a Paľková, Jana 
710 2 |a Fakulta aplikovaných jazykov EU v Bratislave. Katedra románskych a slovanských jazykov